1458 1285 1100 1279 1721 1378 1328 1898 1442 1309 1418 1441 1827 1115 1534 1063 1488 1864 1519 1821 1904 1085 1954 1283 1550 1123 1492 1067 1736 1264 1008 1261 1676 1085 1269 1435 1105 1404 1502 1455 1279 1019 1142 1090 1268 1147 1682 1773 1534 1554 1765 1976 1508 1931 1066 1061 1964 1117 1167 1985 1563 1711 1541 1604 1341 1878 1145 1978 1232 1663 1292 1644 1806 1363 1970 1407 1480 1778 1602 1095 1538 1049 1827 1337 1935 1357 1725 1483 1763 1504 1194 1264 1029 1695 1423 1574 1764 1645 1650 BCNSPRNW ULIB Ver.6.0+V

เปลี่ยนเป็นภาษาไทย

Change to English
 แสดงรายละเอียดบรรณานุกรม
  กลับหน้าหลัก

Brief Record : Get Marc (ISO 2709) : E-mail record : QR code < ปิดหน้าต่าง
LEADER : 00000nam 2200000uu 4500
001    13399125951
003     ULIB
008    171121s||||||||th 000 0 tha d
020    ^a9786162402579
050 04 ^aนว.^bอ-ต
100 0  ^aอลิลศรา
245 10 ^aตรวนปราถนา /^cอลิลศรา
260    ^aกรุงเทพฯ :^bจัสมิน บุ๊ค
300    ^a304 หน้า ;^c17 ซม.
945    ^p0^l0^i003391
999    ^aประนอม เกษจรัล
รายการนี้ยังไม่มีแท็ก
คุณยังไม่ได้ล็อกอิน คุณสามารถมีกิจกรรมร่วมกับเว็บไซต์ได้ แต่ต้องล็อกอินก่อน ::
  ล็อกอิน

รายการสื่อสารสนเทศ

ลำดับที่ ประเภท เลขเรียก/บาร์โค้ด สถานที่ สถานะ
1. วิทยาศาสตร์การแพทย์ และสุขภาพ
วิทยาศาสตร์การแพทย์ และสุขภาพ
นว. อ-ต ฉ.1 
  Barcode: 003391
ห้องสมุดวิทยาเขตสวรรค์ประชารักษ์
►นวนิยาย
บนชั้น
  ขอยืม

รายการใกล้เคียง
    ผู้แต่ง [อลิลศรา]

BibComment


ยังไม่เคยถูกคอมเมนท์

คอมเมนท์ทรัพยากรรายการนี้
  คอมเมนท์: ตรวนปราถนา อลิล..


 Copyright 2026. Bcnsprnw @Library